Statistics for Web Colors

Click here to take the quiz!

General Stats

  • This quiz has been taken 3,019 times
  • The average score is 35 of 103

Answer Stats

Color NameAlternate Form% Correct
Black
98%
Blue
98%
Green
97%
Red
97%
GrayGrey
95%
Yellow
93%
Orange
92%
Pink
91%
Purple
91%
White
90%
Brown
84%
Dark
81%
Light
81%
Violet
70%
Magenta
62%
Cyan
57%
GoldGolden
55%
Navy
54%
Turquoise
54%
Silver
53%
Teal
53%
Indigo
52%
Lime
52%
Maroon
52%
Sky
52%
Beige
51%
Tan
51%
Sea
49%
Aqua
47%
Peach
45%
Forest
40%
Olive
40%
RoseRosy
40%
Fuchsia
39%
Lavender
39%
marine
37%
Salmon
36%
Pale
34%
Cream
33%
Lemon
33%
Medium
33%
Crimson
32%
Deep
31%
Hot
30%
brick
26%
Sandy
26%
Royal
25%
Sienna
25%
Azure
24%
Midnight
24%
Mint
24%
Chartreuse
23%
flowerFloral
23%
shell
23%
Slate
23%
Coral
22%
Fire
22%
Ivory
22%
Khaki
22%
Corn
20%
Plum
20%
rod
19%
Steel
19%
Chocolate
18%
wood
18%
Orchid
16%
Snow
16%
Spring
15%
Blush
14%
Dim
14%
Tomato
14%
Almond
13%
Cadet
13%
Honey
13%
Indian
13%
Old
13%
Powder
13%
Smoke
13%
Antique
12%
Drab
12%
Misty
12%
silk
12%
Thistle
12%
Wheat
12%
Alice
11%
Chiffon
11%
dew
11%
Lace
11%
Lawn
11%
Papaya
11%
Peru
11%
Saddle
11%
Blanched
10%
Burly
10%
Dodger
10%
Gainsboro
10%
Ghost
10%
Linen
10%
Moccasin
10%
puff
10%
Bisque
9%
Navajo
9%
Whip
9%

Score Distribution

Percentile by Number Answered

Percent of People with Each Score

Your Score History

You have not taken this quiz